[Event "4NCL Division 3s"]
[Site "Daventry Court ENG"]
[Date "2014.01.11"]
[Round "3.210"]
[White "Valentine, Brian J"]
[Black "Ross, Stuart"]
[Result "1-0"]
[WhiteElo "1957"]
[BlackElo "1649"]
[PlyCount "41"]
[EventDate "2014.01.11"]
[WhiteTeam "MK Phoenix 2"]
[BlackTeam "Shropshire"]

1. e4 c5 2. Nf3 e6 3. d4 cxd4 4. Nxd4 a6 5. Bd3 Bc5 6. Nb3 Be7 7. O-O Nc6 8. f4
d6 9. Qf3 Nf6 10. Nc3 Qc7 11. Be3 O-O 12. Rae1 b5 13. a3 Bb7 14. Qh3 g6 15. f5
exf5 16. Bh6 Ng4 17. Nd5 Qb8 18. exf5 Qa7+ 19. Kh1 Nxh6 20. Qxh6 gxf5 21. Bxf5
1-0

[Event "4NCL Division 3s"]
[Site "Daventry Court ENG"]
[Date "2014.01.11"]
[Round "3.216"]
[White "Basham, Edward P"]
[Black "Hibbitt, Arthur M"]
[Result "1-0"]
[WhiteElo "1855"]
[BlackElo "1823"]
[PlyCount "81"]
[EventDate "2014.01.11"]
[WhiteTeam "Bucks Juniors"]
[BlackTeam "Banbury Bulldogs"]

1. e4 g6 2. Nc3 c5 3. Nf3 Nc6 4. d4 cxd4 5. Nxd4 Bg7 6. Be3 Nf6 7. Be2 O-O 8.
Qd2 d5 9. exd5 Nxd5 10. Nxc6 bxc6 11. Bd4 e5 12. Bc5 Re8 13. Rd1 Be6 14. O-O
Qa5 15. Ne4 Qxd2 16. Rxd2 a5 17. Rfd1 Reb8 18. c4 Nf4 19. Bf1 Bf5 20. Nd6 Be6
21. b3 f5 22. g3 Nh5 23. Bg2 e4 24. f3 f4 25. Nxe4 fxg3 26. hxg3 Bf5 27. g4
Bxe4 28. fxe4 Nf4 29. Bd6 Nxg2 30. Bxb8 Rxb8 31. Rd8+ Rxd8 32. Rxd8+ Kf7 33.
Kxg2 c5 34. Rd7+ Kg8 35. Kf3 Bc3 36. Kf4 h6 37. e5 Kf8 38. Ke4 Kg8 39. Kd5 Bb4
40. e6 h5 41. Rd8+ 1-0

[Event "4NCL Division 3s"]
[Site "Daventry Court ENG"]
[Date "2014.01.11"]
[Round "3.225"]
[White "Willmoth, Rob"]
[Black "Ogunshola, Ben"]
[Result "0-1"]
[WhiteElo "2154"]
[BlackElo "2149"]
[PlyCount "86"]
[EventDate "2014.01.11"]
[WhiteTeam "Barnet Knights 1"]
[BlackTeam "The Pitstop"]

1. Nf3 Nf6 2. d4 g6 3. g3 Bg7 4. Bg2 O-O 5. O-O d6 6. c4 c6 7. Nc3 Qa5 8. e4
Bg4 9. h3 Bxf3 10. Bxf3 e5 11. Be3 Nbd7 12. Qc2 Rfe8 13. Rfe1 Rac8 14. a3 d5
15. b4 Qd8 16. exd5 cxd5 17. c5 e4 18. Be2 Nf8 19. Qb3 Ne6 20. Nb5 Ra8 21. Rac1
Re7 22. a4 Ne8 23. Qb2 f5 24. Qd2 Rf7 25. f4 Bf6 26. g4 Kh8 27. g5 Bxg5 28. c6
Bh4 29. cxb7 Bxe1 30. bxa8=Q Bxd2 31. Qxd8 Bxe3+ 32. Kf1 Nxd8 33. Rc8 Rd7 34.
Nxa7 Nd6 35. Ra8 Kg7 36. Bb5 Nxb5 37. axb5 Bxd4 38. Nc6 Nxc6 39. bxc6 Rc7 40.
b5 Kf7 41. Ra6 Ke7 42. b6 Bxb6 43. Rxb6 Kd6 0-1

[Event "4NCL Division 3s"]
[Site "Daventry Court ENG"]
[Date "2014.01.11"]
[Round "3.236"]
[White "Cooper, David M"]
[Black "Sanitt, Ethan"]
[Result "1-0"]
[WhiteElo "2053"]
[BlackElo "1530"]
[PlyCount "87"]
[EventDate "2014.01.11"]
[WhiteTeam "Warwickshire Select 2"]
[BlackTeam "Barnet Knights 2"]

1. e4 e5 2. Nf3 Nc6 3. d4 exd4 4. Nxd4 Bc5 5. Nxc6 Qf6 6. Qf3 Qxf3 7. gxf3 dxc6
8. Bc4 Be6 9. Bxe6 fxe6 10. Be3 Bxe3 11. fxe3 Ne7 12. Nd2 Rf8 13. Ke2 e5 14.
Rag1 Ng6 15. h4 Rf7 16. h5 Nf8 17. Rg5 Nd7 18. Nc4 Re7 19. h6 g6 20. Rxg6 hxg6
21. h7 Kf7 22. h8=Q Rxh8 23. Rxh8 Kg7 24. Rc8 Nb6 25. Nxb6 cxb6 26. Rd8 g5 27.
Kf2 Rf7 28. Kg3 a5 29. Rd6 Rf6 30. Rd7+ Rf7 31. Rxf7+ Kxf7 32. f4 exf4+ 33.
exf4 gxf4+ 34. Kxf4 Ke6 35. e5 b5 36. Ke4 c5 37. c3 c4 38. Kd4 b6 39. a3 b4 40.
axb4 axb4 41. cxb4 b5 42. Ke4 Ke7 43. Kd5 Kd7 44. Kc5 1-0

[Event "4NCL Division 3s"]
[Site "Daventry Court ENG"]
[Date "2014.01.11"]
[Round "3.245"]
[White "Gooding, Ian"]
[Black "Ireland, David J"]
[Result "1-0"]
[WhiteElo "1994"]
[BlackElo "1922"]
[PlyCount "31"]
[EventDate "2014.01.11"]
[WhiteTeam "Cambridge University 3"]
[BlackTeam "Throw in the Tal"]

1. e4 c5 2. Nf3 d6 3. d4 cxd4 4. Nxd4 Nf6 5. Nc3 g6 6. Be3 Bg7 7. f3 Nc6 8. Qd2
O-O 9. O-O-O d5 10. Kb1 e6 11. h4 h5 12. g4 Nxd4 13. Bxd4 dxe4 14. g5 Nd5 15.
Bxg7 Kxg7 16. fxe4 1-0

[Event "4NCL Division 3s"]
[Site "Daventry Court ENG"]
[Date "2014.01.11"]
[Round "3.246"]
[White "Pink, Joshua"]
[Black "Campbell, Mark C"]
[Result "1-0"]
[WhiteElo "1805"]
[BlackElo "1951"]
[PlyCount "133"]
[EventDate "2014.01.11"]
[WhiteTeam "Throw in the Tal"]
[BlackTeam "Cambridge University 3"]

1. Nc3 d5 2. e4 d4 3. Nce2 e5 4. Ng3 Be6 5. Nf3 Nd7 6. Bb5 c6 7. Ba4 f6 8. Bb3
Bxb3 9. axb3 c5 10. d3 Ne7 11. O-O Nc6 12. Nh4 g6 13. f4 Bg7 14. f5 g5 15. Nh5
Qe7 16. Qg4 O-O-O 17. Nf3 h6 18. Nd2 Kb8 19. Nc4 Bf8 20. Bd2 Qf7 21. Ra4 Rc8
22. Ra3 b5 23. Na5 c4 24. Nxc6+ Rxc6 25. Ra5 cxd3 26. Rxb5+ Rb6 27. Rxb6+ axb6
28. c4 dxc3 29. Bxc3 Qxb3 30. Nxf6 Nxf6 31. Bxe5+ Kb7 32. Bxf6 Rh7 33. Qd1 Qc4
34. e5 Bc5+ 35. Kh1 Bd4 36. Rf3 Rc7 37. h3 Bxb2 38. Rxd3 Qb5 39. Qf3+ Ka7 40.
Qd5 Qb4 41. Rd2 Rc1+ 42. Rd1 Rc5 43. Qd7+ Ka6 44. Be7 Bxe5 45. Bxc5 Qxc5 46.
Qa4+ Kb7 47. Qe4+ Ka6 48. Re1 Bd4 49. Qa8+ Kb5 50. Rb1+ Kc4 51. Rc1+ Bc3 52.
Qa1 Kd4 53. Qxc3+ Qxc3 54. Rxc3 Kxc3 55. f6 b5 56. f7 b4 57. f8=Q b3 58. Qc5+
Kd2 59. Qb4+ Kc2 60. Qc4+ Kb2 61. Kg1 Ka3 62. Qa6+ Kb2 63. Kf2 Kb1 64. Ke2 b2
65. Kd2 g4 66. Qb5 Ka2 67. Kc2 1-0

[Event "4NCL Division 3s"]
[Site "Daventry Court ENG"]
[Date "2014.01.11"]
[Round "3.249"]
[White "Ivanov, George"]
[Black "Goodwin, Ed H"]
[Result "0-1"]
[WhiteElo "1686"]
[BlackElo "1745"]
[PlyCount "102"]
[EventDate "2014.01.11"]
[WhiteTeam "Cambridge University 3"]
[BlackTeam "Throw in the Tal"]

1. e4 e6 2. d4 d5 3. exd5 exd5 4. Bd3 c5 5. dxc5 Bxc5 6. Ne2 Nf6 7. O-O O-O 8.
Bf4 Bg4 9. h3 Bh5 10. Nbc3 a6 11. Bg5 d4 12. Ne4 Be7 13. Nxf6+ Bxf6 14. Bxf6
Qxf6 15. Qd2 Nc6 16. Nf4 Bg6 17. Nxg6 hxg6 18. Rac1 Rfd8 19. Rfe1 Rac8 20. Re2
Ne5 21. Be4 Nc4 22. Qb4 Nd6 23. Bd3 b5 24. Rce1 Nc4 25. Re7 Nb6 26. Ra7 Nd5 27.
Qa5 Rd6 28. Be4 Nf4 29. Bb7 Rxc2 30. Ra8+ Kh7 31. Bf3 Ne6 32. Qa3 Nc7 33. Rc8
d3 34. Re4 Rd8 35. Rxd8 Qxd8 36. Rf4 d2 37. Bd1 Rc1 38. Qb3 Qe7 39. Kh2 Qe6 40.
Rxf7 Qxb3 41. Bxb3 Nd5 42. Ra7 d1=Q 43. Bxd1 Rxd1 44. Rxa6 b4 45. a3 b3 46. Rd6
Ne3 47. Rb6 Nf1+ 48. Kg1 Nd2+ 49. Kh2 Rb1 50. a4 Rxb2 51. a5 Ra2 0-1

[Event "4NCL Division 3s"]
[Site "Daventry Court ENG"]
[Date "2014.01.11"]
[Round "3.255"]
[White "Davies, Matthew"]
[Black "Burrows, Nick"]
[Result "1/2-1/2"]
[WhiteElo "1942"]
[BlackElo "1838"]
[PlyCount "82"]
[EventDate "2014.01.11"]
[WhiteTeam "West is Best 2"]
[BlackTeam "Oxford 3"]

1. d4 d5 2. c4 c6 3. Nf3 Nf6 4. Nc3 dxc4 5. a4 Bf5 6. e3 e6 7. Bxc4 Bb4 8. O-O
O-O 9. Qe2 Bg4 10. h3 Bh5 11. Rd1 Nbd7 12. e4 Qc7 13. Bg5 Rfe8 14. e5 Nd5 15.
Nxd5 cxd5 16. Bb5 Be7 17. Rac1 Qd8 18. Be3 a6 19. Bd3 Bg6 20. Bxg6 hxg6 21. Rc2
Nb6 22. b3 Qd7 23. a5 Nc8 24. Rdc1 Bd8 25. b4 Na7 26. Bg5 Bxg5 27. Nxg5 Rac8
28. Qg4 Rxc2 29. Rxc2 Rc8 30. Rxc8+ Qxc8 31. Qh4 Qc1+ 32. Kh2 Nc6 33. Qh7+ Kf8
34. Qh8+ Ke7 35. Nf3 Nxb4 36. Qxg7 Qf4+ 37. Kg1 Nd3 38. Qh8 Qc1+ 39. Kh2 Qf4+
40. Kg1 Qc1+ 41. Kh2 Qf4+ 1/2-1/2

[Event "4NCL Division 3s"]
[Site "Daventry Court ENG"]
[Date "2014.01.11"]
[Round "3.1"]
[White "Bridges, Paul L"]
[Black "Terry, Sean"]
[Result "1/2-1/2"]
[WhiteElo "1861"]
[BlackElo "1909"]
[PlyCount "71"]
[EventDate "2014.01.11"]
[WhiteTeam "West is Best 2"]
[BlackTeam "Oxford 3"]

1. e4 c5 2. Nc3 e6 3. Bc4 a6 4. a4 Nc6 5. f4 Nf6 6. e5 d5 7. Be2 Nd7 8. Nf3 Be7
9. O-O Nd4 10. d3 O-O 11. Nxd4 cxd4 12. Nb1 f6 13. Bg4 f5 14. Bf3 g5 15. g3 g4
16. Bg2 Nb8 17. h3 h5 18. hxg4 hxg4 19. Kf2 Kg7 20. Rh1 Rh8 21. Rxh8 Qxh8 22.
Qh1 Qe8 23. Bd2 Bd7 24. b3 Nc6 25. c4 dxc4 26. bxc4 Qf7 27. Na3 Rh8 28. Qg1 Nd8
29. Nc2 Bc5 30. Bb4 Qe7 31. Qb1 Kg6 32. Bxc5 Qxc5 33. Qb4 b6 34. Rb1 Bc6 35.
Qxc5 bxc5 36. Bxc6 1/2-1/2

[Event "4NCL Division 3s"]
[Site "Daventry Court ENG"]
[Date "2014.01.11"]
[Round "3.10"]
[White "Homer, Neil S"]
[Black "David, Ivan"]
[Result "1/2-1/2"]
[WhiteElo "1635"]
[BlackElo "1858"]
[PlyCount "57"]
[EventDate "2014.01.11"]
[WhiteTeam "e2e4.org.uk 6"]
[BlackTeam "e2e4.org.uk 5"]

1. Nf3 Nf6 2. c4 g6 3. d4 Bg7 4. g3 O-O 5. Bg2 c5 6. O-O d5 7. cxd5 cxd4 8.
Nxd4 Nxd5 9. Nb5 a6 10. Bxd5 axb5 11. Qb3 Qa5 12. Bd2 Qa4 13. Bc3 Qxb3 14. Bxb3
b4 15. Bxg7 Kxg7 16. Nd2 Nc6 17. Nf3 Bg4 18. Rfd1 Bxf3 19. exf3 Rfd8 20. Bd5
Na5 21. f4 Rd6 22. Bf3 Rad8 23. Rxd6 Rxd6 24. Re1 e6 25. Kf1 b3 26. axb3 Rb6
27. Bd1 Nxb3 28. Bxb3 Rxb3 29. Re2 1/2-1/2

[Event "4NCL Division 3s"]
[Site "Daventry Court ENG"]
[Date "2014.01.11"]
[Round "3.13"]
[White "Booley, Graham M"]
[Black "Boyalakuntla, Siva"]
[Result "1-0"]
[WhiteElo "1821"]
[BlackElo "1483"]
[PlyCount "75"]
[EventDate "2014.01.11"]
[WhiteTeam "e2e4.org.uk 5"]
[BlackTeam "e2e4.org.uk 6"]

1. e4 c5 2. Nc3 d6 3. g3 a6 4. a4 Nd7 5. Bg2 e6 6. d3 Ngf6 7. f4 Be7 8. Nf3 h6
9. O-O Qb6 10. Kh1 Qc7 11. Qe2 O-O 12. Nd1 b6 13. c3 Bb7 14. Nf2 Rab8 15. Be3
b5 16. a5 Bc6 17. b4 c4 18. dxc4 bxc4 19. Nd4 e5 20. Nf5 Bd8 21. Rfd1 Ne8 22.
Qxc4 exf4 23. gxf4 Bf6 24. Ng4 Rc8 25. Nxf6+ Ndxf6 26. Qxc6 Qxc6 27. Ne7+ Kh8
28. Nxc6 Ng4 29. Bh3 Rxc6 30. Bxg4 Rxc3 31. Bd4 Rc4 32. Rab1 Nf6 33. Bxf6 gxf6
34. Rxd6 Rxe4 35. Rxf6 Kg7 36. Rxa6 Rxf4 37. Rg1 Rxb4 38. Bf5+ 1-0

[Event "4NCL Division 3s"]
[Site "Daventry Court ENG"]
[Date "2014.01.11"]
[Round "3.89"]
[White "Selway, Richard P"]
[Black "Thompson, Robert"]
[Result "1/2-1/2"]
[WhiteElo "2042"]
[BlackElo "1971"]
[PlyCount "97"]
[EventDate "2014.01.11"]
[WhiteTeam "KJCA Knights"]
[BlackTeam "Bristol University"]

1. e4 d6 2. d4 Nf6 3. Nc3 e5 4. dxe5 dxe5 5. Qxd8+ Kxd8 6. Bc4 Ke8 7. Nf3 Bd6
8. Be3 Bg4 9. Ng5 Bh5 10. f3 h6 11. Nh3 Nbd7 12. O-O-O a6 13. Nf2 b5 14. Bb3
Bc5 15. Rhe1 Bxe3+ 16. Rxe3 c5 17. Bd5 Nxd5 18. Nxd5 Rc8 19. Ra3 Nb8 20. Rad3
c4 21. R3d2 Nc6 22. Nh1 f6 23. Ng3 Bg6 24. h4 Kf7 25. h5 Bh7 26. Nb6 Rb8 27.
Nd7 Rbc8 28. Nc5 Nd4 29. Nxa6 c3 30. bxc3 Rxc3 31. Ne2 Nxe2+ 32. Rxe2 Ra8 33.
Rd6 f5 34. Kb2 Rc4 35. exf5 Bxf5 36. c3 e4 37. fxe4 Bxe4 38. Nb4 Rac8 39. Nd3
Bxd3 40. Rxd3 R8c5 41. Rf3+ Kg8 42. Re8+ Kh7 43. Rg3 Rxh5 44. Re7 Rg5 45. Rxg5
hxg5 46. Kc2 Rg4 47. Re2 Kg6 48. Kd2 Rg3 49. Kc2 1/2-1/2

[Event "4NCL Division 3s"]
[Site "Daventry Court ENG"]
[Date "2014.01.11"]
[Round "3.91"]
[White "Delay, Guillaume"]
[Black "Sargent, John R"]
[Result "0-1"]
[WhiteElo "2058"]
[BlackElo "1754"]
[PlyCount "112"]
[EventDate "2014.01.11"]
[WhiteTeam "Bristol University"]
[BlackTeam "BCM Bison (4)"]

1. e4 c5 2. Nf3 Nc6 3. d4 cxd4 4. Nxd4 Nf6 5. Nc3 e5 6. Ndb5 d6 7. Nd5 Nxd5 8.
exd5 Nb8 9. c4 Nd7 10. Be3 a6 11. Nc3 Be7 12. Qd2 f5 13. f4 e4 14. Be2 b6 15.
O-O O-O 16. Rfc1 Bb7 17. Kh1 Rc8 18. Bf1 Kh8 19. Ne2 Rg8 20. Nd4 Qf8 21. a4 Bd8
22. Ne6 Qf7 23. b4 Nf8 24. Nxd8 Rxd8 25. Bxb6 Rc8 26. Be3 Nd7 27. Rab1 Rc7 28.
a5 Rb8 29. Rd1 Nf6 30. c5 Bxd5 31. cxd6 Rd7 32. Bc5 Bb7 33. b5 e3 34. Qxe3 Be4
35. Rbc1 axb5 36. a6 Qe8 37. a7 Rbb7 38. Ra1 Qa8 39. Ra5 Nd5 40. Qd4 Nxf4 41.
Qf2 g5 42. Qb2+ Kg8 43. Rd2 Kf7 44. Rxb5 Rxb5 45. Qxb5 Rb7 46. Qc4+ Kg6 47. d7
Rxd7 48. Qa6+ Kh5 49. Bf8 Bc6 50. Rc2 Rd1 51. Kg1 Bxg2 52. Qh6+ Kg4 53. h3+
Bxh3 54. Kh2 Rxf1 55. Rc6 Qxa7 56. Rc2 Qg1# 0-1

[Event "4NCL Division 3s"]
[Site "Daventry Court ENG"]
[Date "2014.01.11"]
[Round "3.94"]
[White "Moore, John R"]
[Black "Meadows, Michael"]
[Result "0-1"]
[WhiteElo "1710"]
[BlackElo "1773"]
[PlyCount "78"]
[EventDate "2014.01.11"]
[WhiteTeam "BCM Bison (4)"]
[BlackTeam "Bristol University"]

1. e4 d5 2. exd5 Qxd5 3. Nc3 Qd6 4. d4 Nf6 5. Be2 Bf5 6. Nf3 e6 7. O-O c6 8. a3
Nbd7 9. h3 Be7 10. Be3 h6 11. Bd3 Bxd3 12. Qxd3 g5 13. Rfe1 g4 14. hxg4 Nxg4
15. Ne4 Qc7 16. c4 O-O-O 17. b4 Rhg8 18. g3 f5 19. Nc3 f4 20. Bxf4 Qxf4 21.
gxf4 Nge5+ 22. Kf1 Nxd3 23. Rxe6 Bf6 24. Ne4 Rgf8 25. Ne5 Nxf4 26. Nxd7 Nxe6
27. Ndxf6 Rxd4 28. c5 Ng5 29. Re1 Nxe4 30. Nxe4 Kd7 31. Re3 Rf4 32. f3 b6 33.
Kf2 Rdxe4 34. Rxe4 Rxe4 35. fxe4 bxc5 36. bxc5 Ke6 37. Ke3 Ke5 38. a4 a5 39.
Kf3 h5 0-1

[Event "4NCL Division 3s"]
[Site "Daventry Court ENG"]
[Date "2014.01.11"]
[Round "3.90"]
[White "Grieve, Harry"]
[Black "Anilkumar, Anantha P (jnr)"]
[Result "0-1"]
[WhiteElo "1687"]
[BlackElo "1729"]
[PlyCount "198"]
[EventDate "2014.01.11"]
[WhiteTeam "BCM Bison (4)"]
[BlackTeam "KJCA Knights"]

1. e4 c5 2. d4 cxd4 3. c3 d3 4. Bxd3 Nc6 5. Nf3 g6 6. O-O Bg7 7. Be3 d6 8. Nd4
Nf6 9. Nd2 O-O 10. h3 Ne5 11. Be2 d5 12. f4 Nc6 13. Nxc6 bxc6 14. e5 Nd7 15.
Nb3 Qc7 16. Nc5 Nxc5 17. Bxc5 f6 18. exf6 Rxf6 19. Bg4 Rxf4 20. Rxf4 Qxf4 21.
Bxc8 Rxc8 22. Qf1 Qxf1+ 23. Rxf1 Rc7 24. Rf4 Be5 25. Ra4 Bd6 26. Bxd6 exd6 27.
Rd4 Kf7 28. Kf2 Ke6 29. Ke3 c5 30. Rd2 Rf7 31. a3 Ke5 32. Re2 Rf4 33. Kd3+ Re4
34. Rf2 c4+ 35. Kd2 Rf4 36. Re2+ Kf6 37. Kc2 Kf7 38. Kd2 Re4 39. Rf2+ Ke7 40.
Kc2 Kd7 41. Kd2 Re7 42. Rf8 Kc6 43. Rc8+ Rc7 44. Rd8 Rd7 45. Re8 Rb7 46. Kc2
Kd7 47. Re2 Rb8 48. Kc1 Re8 49. Rf2 Ke7 50. Kd2 Rf8 51. Re2+ Kf6 52. Rf2+ Kg7
53. Re2 Rf7 54. Re6 Rd7 55. Re2 Kf6 56. Rf2+ Ke5 57. Re2+ Kf4 58. Re3 Rb7 59.
Rf3+ Ke5 60. Re3+ Kf6 61. Kc2 Re7 62. Rf3+ Kg7 63. Rf2 Re4 64. Rd2 Re5 65. Rf2
Rf5 66. Re2 Kf7 67. b4 cxb3+ 68. Kxb3 Re5 69. Rd2 Ke6 70. Kc2 Re3 71. Rd3 Re2+
72. Rd2 Rxd2+ 73. Kxd2 g5 74. g4 h6 75. Kd3 Kd7 76. a4 a5 77. Ke3 Ke7 78. Kd3
Kf6 79. Kd4 Ke6 80. Kd3 Kd7 81. Ke3 Kc7 82. Kd3 Kb6 83. Kd4 Kc6 84. Ke3 Kc5 85.
Kd3 d4 86. cxd4+ Kb4 87. Ke4 Kxa4 88. Kd5 Kb5 89. Kxd6 a4 90. Ke6 a3 91. Kf6 a2
92. Kg6 a1=Q 93. Kxh6 Qxd4 94. Kxg5 Qg7+ 95. Kh4 Kc5 96. g5 Kd5 97. Kg4 Qd7+
98. Kg3 Ke4 99. h4 Qf5 0-1

[Event "4NCL Division 3s"]
[Site "Daventry Court ENG"]
[Date "2014.01.12"]
[Round "4.55"]
[White "Thorarinsson, Pall A"]
[Black "LeMoir, David A"]
[Result "1/2-1/2"]
[WhiteElo "2230"]
[BlackElo "2110"]
[PlyCount "45"]
[EventDate "2014.01.12"]
[WhiteTeam "Fermented Sharks"]
[BlackTeam "Anglian Avengers 2"]

1. Nf3 Nc6 2. c4 e5 3. Nc3 f5 4. d3 Nf6 5. g3 Bb4 6. Bg2 O-O 7. O-O Bxc3 8.
bxc3 d6 9. Rb1 Qe8 10. Ne1 b6 11. Nc2 Bd7 12. Nb4 Nxb4 13. cxb4 Bc6 14. Bxc6
Qxc6 15. b5 Qd7 16. f3 Kh8 17. d4 Qe6 18. d5 Qf7 19. e3 a5 20. Rb2 Qg6 21. Rg2
Kg8 22. Bb2 Rae8 23. Qc2 1/2-1/2

[Event "4NCL Division 3s"]
[Site "Daventry Court ENG"]
[Date "2014.01.12"]
[Round "4.56"]
[White "Gregory, Stephen J"]
[Black "Farkas, Daniel"]
[Result "1/2-1/2"]
[WhiteElo "2055"]
[BlackElo "2121"]
[PlyCount "70"]
[EventDate "2014.01.12"]
[WhiteTeam "Anglian Avengers 2"]
[BlackTeam "Fermented Sharks"]

1. e4 c6 2. d4 d5 3. Nc3 dxe4 4. Nxe4 Bf5 5. Ng3 Bg6 6. Nf3 Nd7 7. h4 h6 8. h5
Bh7 9. Bd3 Bxd3 10. Qxd3 e6 11. Bd2 Ngf6 12. O-O-O Be7 13. c4 Qc7 14. Bc3 O-O
15. Kb1 Rfd8 16. Qe2 Bf8 17. Ne5 b5 18. Nxd7 Qxd7 19. d5 Nh7 20. dxc6 Qxc6 21.
cxb5 Qxg2 22. Ne4 Ng5 23. Nxg5 Qxg5 24. a4 Rd5 25. Rxd5 Qxd5 26. Rd1 Qf5+ 27.
Ka1 Rc8 28. Rd7 Bc5 29. f3 Qf4 30. Qd1 e5 31. Rd8+ Rxd8 32. Qxd8+ Kh7 33. Qd3+
f5 34. Ka2 e4 35. Qd7 Bf8 1/2-1/2

[Event "4NCL Division 3s"]
[Site "Daventry Court ENG"]
[Date "2014.01.12"]
[Round "4.57"]
[White "Agnew, Alan"]
[Black "Myall, Ivan J"]
[Result "1/2-1/2"]
[WhiteElo "2062"]
[BlackElo "2046"]
[PlyCount "69"]
[EventDate "2014.01.12"]
[WhiteTeam "Fermented Sharks"]
[BlackTeam "Anglian Avengers 2"]

1. e4 e5 2. Nf3 Nc6 3. Bc4 Bc5 4. c3 Nf6 5. d3 d6 6. b4 Bb6 7. a4 a6 8. O-O Be6
9. Bxe6 fxe6 10. Nbd2 O-O 11. Nc4 Ba7 12. Qb3 Qe8 13. Be3 Nh5 14. b5 Nd8 15. b6
Bb8 16. d4 Qg6 17. Qd1 exd4 18. Nxd4 Nf4 19. Bxf4 Rxf4 20. f3 Rh4 21. f4 Qh6
22. Nf3 Rxf4 23. bxc7 Bxc7 24. Nxd6 Nf7 25. Nxf7 Rxf7 26. e5 Rd8 27. Qe2 Bb6+
28. Kh1 Rdf8 29. Rab1 Be3 30. Rbe1 Bf4 31. Kg1 Rf5 32. g3 Bg5 33. Nxg5 Qxg5 34.
Rxf5 Qxf5 35. Rf1 1/2-1/2

[Event "4NCL Division 3s"]
[Site "Daventry Court ENG"]
[Date "2014.01.12"]
[Round "4.58"]
[White "Wallis, Ian J"]
[Black "Karahaliou, Elia"]
[Result "1-0"]
[WhiteElo "2009"]
[BlackElo "2028"]
[PlyCount "99"]
[EventDate "2014.01.12"]
[WhiteTeam "Anglian Avengers 2"]
[BlackTeam "Fermented Sharks"]

1. e4 c5 2. Nf3 Nc6 3. d4 cxd4 4. Nxd4 Nf6 5. Nc3 Qc7 6. Be3 e6 7. f4 a6 8. Qf3
b5 9. O-O-O Bb7 10. Bd3 Nb4 11. Kb1 Nxd3 12. cxd3 b4 13. Nce2 Be7 14. Bf2 O-O
15. g4 d5 16. e5 Nd7 17. g5 Nc5 18. Rc1 Qa5 19. Rxc5 Qxc5 20. Nxe6 Qa5 21. Nxf8
b3 22. axb3 Bxf8 23. d4 Rb8 24. Nc1 Bc8 25. f5 g6 26. e6 fxe6 27. fxg6 hxg6 28.
Be1 Qb5 29. Rf1 Qe8 30. Bg3 Rb7 31. Be5 Bg7 32. Nd3 Rxb3 33. Bxg7 Rxd3 34. Qxd3
Kxg7 35. Qe3 e5 36. Qxe5+ Qxe5 37. dxe5 Bf5+ 38. Kc1 Kf7 39. Kd2 Ke6 40. Ra1
Kxe5 41. Rxa6 Kd4 42. Rc6 Ke5 43. b4 Be4 44. b5 d4 45. Rf6 Kd5 46. h4 Kc4 47.
b6 Kc5 48. b7 Bxb7 49. Rxg6 Be4 50. Rf6 1-0

[Event "4NCL Division 3s"]
[Site "Daventry Court ENG"]
[Date "2014.01.12"]
[Round "4.59"]
[White "Millward, Kevin P"]
[Black "Cook, Michael P"]
[Result "1-0"]
[WhiteElo "1984"]
[BlackElo "2026"]
[PlyCount "113"]
[EventDate "2014.01.12"]
[WhiteTeam "Fermented Sharks"]
[BlackTeam "Anglian Avengers 2"]

1. e4 e5 2. Nf3 Nc6 3. Bc4 Bc5 4. c3 Nf6 5. b4 Bb6 6. d3 d6 7. a4 a5 8. Qb3 O-O
9. b5 Ne7 10. O-O Ng6 11. Na3 h6 12. Be3 Nh5 13. Bxb6 cxb6 14. Nc2 Nhf4 15. Ne3
Be6 16. Rad1 Rc8 17. Rfe1 h5 18. Nd5 Bg4 19. Re3 Bxf3 20. Rxf3 Nh4 21. Rxf4
exf4 22. Nxf4 Qg5 23. g3 Nf3+ 24. Kg2 Ne5 25. Bd5 Qg4 26. c4 Qf3+ 27. Kg1 g5
28. Ng2 Qe2 29. Ne3 Nf3+ 30. Kg2 Nd4 31. Qb1 Kg7 32. Nf5+ Nxf5 33. exf5 Rce8
34. Be4 h4 35. Re1 Qh5 36. Qb2+ f6 37. h3 g4 38. Qe2 gxh3+ 39. Kxh3 Qxe2 40.
Rxe2 hxg3 41. fxg3 Rh8+ 42. Kg4 Rh1 43. Ra2 Rd1 44. Kf4 Re7 45. Ke3 Kf8 46. Kd4
Rg7 47. Rh2 Rd7 48. Rh6 Ra1 49. Rxf6+ Ke7 50. Re6+ Kd8 51. g4 Rxa4 52. g5 Ra1
53. g6 Rg1 54. f6 Kc7 55. f7 Rxf7 56. gxf7 Rf1 57. Re7+ 1-0

[Event "4NCL Division 3s"]
[Site "Daventry Court ENG"]
[Date "2014.01.12"]
[Round "4.60"]
[White "Lamont, Richard"]
[Black "McAleenan, Charles T"]
[Result "1-0"]
[WhiteElo "1996"]
[BlackElo "1812"]
[PlyCount "105"]
[EventDate "2014.01.12"]
[WhiteTeam "Anglian Avengers 2"]
[BlackTeam "Fermented Sharks"]

1. e4 e6 2. d4 d5 3. Nc3 Bb4 4. e5 Ne7 5. Nf3 c5 6. a3 Bxc3+ 7. bxc3 Qa5 8. Bd2
Nbc6 9. Qb1 Bd7 10. Qb2 c4 11. g3 Qc7 12. Bh3 h6 13. Rb1 b6 14. O-O Ng6 15. Ne1
f5 16. Qc1 Nge7 17. Qd1 O-O-O 18. a4 g5 19. Bc1 Rdf8 20. Ba3 g4 21. Bg2 Rf7 22.
Bd6 Qb7 23. Bh1 f4 24. Qxg4 fxg3 25. hxg3 h5 26. Qg5 Nf5 27. Ng2 Nxd6 28. exd6
Qb8 29. Nh4 Qxd6 30. Ng6 Rf5 31. Qe3 Rg8 32. Nh4 Rfg5 33. Bg2 Rg4 34. Kh1 Kc7
35. Rbe1 Ne7 36. a5 b5 37. Bh3 Re4 38. Qf3 a6 39. Re3 Qa3 40. Rfe1 Rxe3 41.
Rxe3 Nc6 42. Qxh5 Rf8 43. Kg2 Qxa5 44. Ng6 Re8 45. Qh7 Kc8 46. Nf4 Re7 47. Qh6
Nd8 48. Qf8 Rh7 49. Bxe6 Bxe6 50. Nxe6 Rd7 51. Nc5 Rf7 52. Qd6 Rf5 53. Re8 1-0

[Event "4NCL Division 3s"]
[Site "Daventry Court ENG"]
[Date "2014.01.12"]
[Round "4.65"]
[White "Buckley, Graeme N"]
[Black "Grant, David J"]
[Result "1-0"]
[WhiteElo "2337"]
[BlackElo "2106"]
[PlyCount "73"]
[EventDate "2014.01.12"]
[WhiteTeam "Guildford 3"]
[BlackTeam "Sussex Smart Survivors 1"]

1. b4 e5 2. Bb2 d6 3. e3 g6 4. f4 Bg7 5. Nf3 Nf6 6. fxe5 Ng4 7. Bc4 O-O 8. Nc3
Nxe5 9. Nxe5 Bxe5 10. h4 d5 11. Bxd5 Bxc3 12. dxc3 Qe7 13. Qd4 Nc6 14. Bxc6
bxc6 15. O-O-O Bf5 16. c4 f6 17. Qc3 Qe4 18. h5 Rae8 19. hxg6 Bxg6 20. Rd2 Qxe3
21. Qxe3 Rxe3 22. Rf1 Re4 23. Bd4 Bf7 24. Rxf6 Re6 25. Rf4 a6 26. Bc5 Re1+ 27.
Kb2 Rfe8 28. Rdf2 Bg6 29. Bf8 Rh1 30. g4 Rh4 31. Bc5 Re4 32. Rf8+ Kg7 33. Rc8
Rhxg4 34. Bf8+ Kg8 35. Bh6+ Re8 36. Rxe8+ Bxe8 37. Rf8# 1-0

[Event "4NCL Division 3s"]
[Site "Daventry Court ENG"]
[Date "2014.01.12"]
[Round "4.66"]
[White "Bucher, Grant W"]
[Black "Osborne, Marcus E"]
[Result "0-1"]
[WhiteElo "2064"]
[BlackElo "2267"]
[PlyCount "154"]
[EventDate "2014.01.12"]
[WhiteTeam "Sussex Smart Survivors 1"]
[BlackTeam "Guildford 3"]

1. e4 c5 2. f4 g6 3. Nf3 Bg7 4. Nc3 Nc6 5. g3 d6 6. Bg2 e6 7. O-O Nge7 8. d3
O-O 9. Ne2 f5 10. c3 Rb8 11. Qc2 b6 12. Be3 Bb7 13. Ng5 Qd7 14. Qb3 Nd8 15. Qc2
Rc8 16. Rad1 Nf7 17. Nh3 c4 18. Nf2 cxd3 19. Rxd3 Rc4 20. Bd4 Bxd4 21. Rxd4
Rxd4 22. cxd4 Rc8 23. Qb3 Ba6 24. Re1 Bxe2 25. Rxe2 Rc1+ 26. Bf1 d5 27. e5 Qc8
28. Rd2 Qa6 29. Nd1 Qa5 30. Nc3 Nc6 31. a3 a6 32. Qa2 b5 33. b4 Qb6 34. Ne2 Rc4
35. Qb2 g5 36. Kf2 g4 37. Ke3 Ne7 38. Nc1 Qc6 39. Nb3 Rc3+ 40. Bd3 Qc4 41. Nc5
Nc6 42. Nxe6 Nfd8 43. Ke2 Rxd3 44. Rxd3 Nxe6 45. Ke3 Kf7 46. Rd1 Ke7 47. Rd3 a5
48. bxa5 Nxa5 49. Qd2 Qa4 50. Qc3 Nc4+ 51. Ke2 Qa7 52. Qb4+ Kd8 53. Qc3 h5 54.
Rd1 Qxa3 55. Qxa3 Nxa3 56. Kd3 b4 57. Rh1 Kd7 58. h3 Nb5 59. hxg4 hxg4 60. Rb1
Nbxd4 61. Rxb4 Nc6 62. Rb7+ Kc8 63. Rb5 Kc7 64. Kc3 d4+ 65. Kc4 Ne7 66. Ra5 Nc8
67. Kd5 Kd7 68. Kc4 Kc6 69. Ra2 Nb6+ 70. Kd3 Kd5 71. Re2 Nc5+ 72. Kd2 Nc4+ 73.
Kd1 d3 74. Rh2 Ne4 75. e6 Kxe6 76. Kc1 d2+ 77. Kc2 Ne3+ 0-1